Electrons, atoms , metals and alloys (Record no. 7794)

MARC details
000 -LEADER
fixed length control field 00366nam a22001457a 4500
003 - CONTROL NUMBER IDENTIFIER
control field NG-AbAUS
008 - FIXED-LENGTH DATA ELEMENTS--GENERAL INFORMATION
fixed length control field 160729b xxu||||| |||| 00| 0 eng d
082 ## - DEWEY DECIMAL CLASSIFICATION NUMBER
Classification number 539.7 H8832
100 ## - MAIN ENTRY--PERSONAL NAME
Personal name Hume- Rothery William
9 (RLIN) 770
245 ## - TITLE STATEMENT
Title Electrons, atoms , metals and alloys
250 ## - EDITION STATEMENT
Edition statement 3
260 ## - PUBLICATION, DISTRIBUTION, ETC. (IMPRINT)
Place of publication, distribution, etc New York
Name of publisher, distributor, etc Dover publication
Date of publication, distribution, etc 1963
300 ## - PHYSICAL DESCRIPTION
Extent 387
942 ## - ADDED ENTRY ELEMENTS (KOHA)
Source of classification or shelving scheme Dewey Decimal Classification
Item type Book

No items available.